[Event "57th Biel Rapid Open"]
[Site "Biel SUI"]
[Date "2024.07.14"]
[Round "5.30"]
[White "Mikavica, Dragoljub"]
[Black "Papaux, Jeremie"]
[Result "0-1"]
[WhiteElo "2025"]
[BlackElo "1808"]
[WhiteFideId "1308726"]
[BlackFideId "1340867"]
[EventDate "2024.07.14"]
[EventType "swiss"]

1. e4 e5 2. Nf3 Nc6 3. Bc4 Nf6 4. c3 Nxe4 5. O-O d5 6. Bb5 Bd6 7. d3 Nf6 8. Re1
e4 9. dxe4 dxe4 10. Bg5 O-O 11. Bxc6 bxc6 12. Bxf6 gxf6 13. Nh4 f5 14. g3 Qf6
15. Nd2 Rd8 16. Qe2 Bc5 17. Nb3 Bb6 18. Rad1 Be6 19. Ng2 Rd6 20. Nf4 Rad8 21.
Rxd6 cxd6 22. Rd1 Bxb3 23. axb3 d5 24. Ng2 d4 25. cxd4 Rxd4 26. Rc1 Qd6 27. Ne3
Rd2 28. Nxf5 Rxe2 29. Nxd6 e3 30. Nc4 Rxf2 31. Nxb6 axb6 32. Rc3 Rxb2 33. Rxe3
c5 34. h4 h5 35. Kf1 Kg7 36. Ke1 Kf6 37. Kd1 Kf5 38. Kc1 Rf2 39. Re7 Kg4 40. Rb7
Rf6 41. Rb8 Kxg3 42. Rg8+ Kxh4 43. Kc2 Rg6 44. Rf8 f6 45. Kd3 Kg3 46. Ke3 h4 47.
Rb8 h3 48. b4 c4 49. Rf8 h2 0-1

[Event "57th Biel Rapid Open"]
[Site "Biel SUI"]
[Date "2024.07.14"]
[Round "5.31"]
[White "Zargarov, Mikayel"]
[Black "Paholok, Igor"]
[Result "1-0"]
[WhiteElo "2033"]
[BlackElo "1801"]
[WhiteFideId "1342410"]
[BlackFideId "1338951"]
[EventDate "2024.07.14"]
[EventType "swiss"]

1. d4 g6 2. c4 Bg7 3. Nc3 c5 4. d5 Bxc3+ 5. bxc3 f5 6. h4 Nf6 7. h5 Kf7 8. Nf3
d6 9. Qd2 Ne4 10. Qh6 Qg8 11. Ng5+ Nxg5 12. Bxg5 gxh5 13. Qxh5+ Qg6 14. Qxg6+
Kxg6 15. Bxe7 Nd7 16. Bxd6 b6 17. e3 Ba6 18. Bd3 Kf6 19. Rh6+ Kg5 20. Bf4+ Kg4
21. Be2# 1-0

[Event "57th Biel Rapid Open"]
[Site "Biel SUI"]
[Date "2024.07.14"]
[Round "5.32"]
[White "Mkrtchyan, Anahit D."]
[Black "Naarden, Amindo"]
[Result "1-0"]
[WhiteElo "1831"]
[BlackElo "1993"]
[WhiteFideId "13307533"]
[BlackFideId "1018507"]
[EventDate "2024.07.14"]
[EventType "swiss"]

1. Nf3 Nc6 2. d4 d5 3. Bf4 Nf6 4. e3 e6 5. Bd3 Be7 6. c3 O-O 7. O-O Ne4 8. Nbd2
f5 9. c4 g5 10. Be5 g4 11. cxd5 exd5 12. Ne1 Nxe5 13. dxe5 Bg5 14. Nxe4 fxe4 15.
Be2 h5 16. Qd4 Be6 17. g3 Qe7 18. Rc1 Qf7 19. Ng2 Rfc8 20. Nf4 Be7 21. b4 c6 22.
Rfd1 Qf5 23. b5 Kf7 24. bxc6 bxc6 25. Ba6 Rc7 26. Rb1 h4 27. Rb7 c5 28. Qc3 Rc6
29. Bf1 Rh8 30. Nxd5 Bxd5 31. Rxd5 hxg3 32. fxg3 Re6 33. Rd2 Kg6 34. Rf2 Qxe5
35. Qe1 Bd6 36. Bc4 Re7 37. Rxe7 Qxe7 38. Qe2 Kg5 39. Qf1 Qh7 40. Qg2 Rb8 41.
Rf1 Be5 42. Bb3 Rb4 43. Qd2 Qe7 44. Qd5 1-0

[Event "57th Biel Rapid Open"]
[Site "Biel SUI"]
[Date "2024.07.14"]
[Round "5.33"]
[White "Parlak, Selahattin"]
[Black "Brockmann, Fabian"]
[Result "0-1"]
[WhiteElo "1805"]
[BlackElo "2003"]
[WhiteFideId "1338625"]
[BlackFideId "4639561"]
[EventDate "2024.07.14"]
[EventType "swiss"]

1. d4 Nf6 2. Nc3 c5 3. d5 d6 4. e4 g6 5. Nf3 Bg7 6. Bd3 O-O 7. O-O Na6 8. a3 Nc7
9. Bg5 b5 10. e5 dxe5 11. Nxe5 Nfxd5 12. Nxd5 Qxd5 13. Nf3 c4 14. Be2 Bxb2 15.
Bxe7 Qxd1 16. Raxd1 Re8 17. Bd6 Rxe2 18. Bxc7 Bf5 19. Rd5 Rc8 20. Rxb5 Rxc7 21.
Rxb2 Rxc2 22. Rb8+ Kg7 23. Ne5 Re2 24. Nf3 Ra2 25. Nd4 Bd3 26. Rc1 Rxa3 27. Rb4
Re7 28. h4 Ra2 29. Rb5 Rd7 30. Nc6 Rd6 31. Nb4 Rb2 32. Rc3 a5 0-1

[Event "57th Biel Rapid Open"]
[Site "Biel SUI"]
[Date "2024.07.14"]
[Round "5.34"]
[White "Rotunno, Flavio"]
[Black "Bernhard, Simon"]
[Result "1/2-1/2"]
[WhiteElo "2168"]
[BlackElo "1801"]
[WhiteFideId "1338528"]
[BlackFideId "1362127"]
[EventDate "2024.07.14"]
[EventType "swiss"]

1. d4 Nf6 2. c4 g6 3. Nc3 Bg7 4. e4 d6 5. Nf3 O-O 6. Be2 e5 7. O-O Nc6 8. d5 Ne7
9. Ne1 Nd7 10. Nd3 f5 11. f3 f4 12. b4 g5 13. c5 Ng6 14. Nb5 Nf6 15. Bb2 Rf7 16.
Rc1 Bf8 17. Nf2 a6 18. Na3 h5 19. h3 Rg7 20. Nc4 Nh4 21. Nxe5 dxe5 22. Bxe5 Qe7
23. Bb2 Rh7 24. Bc4 Kg7 25. e5 Nxd5 26. Bxd5 Be6 27. Bxe6 Qxe6 28. Ne4 Be7 29.
Qb3 Qxb3 30. axb3 Nf5 31. Rfd1 Kg6 32. Rd7 Ng3 33. Rcd1 Rc8 34. Nxg3 fxg3 35. e6
Kf5 36. Re1 b6 37. Re5+ Kg6 38. Red5 bxc5 39. bxc5 Rb8 40. Be5 Rxb3 41. Bxg3 c6
42. Re5 Rb5 43. Bf2 Kf6 44. Bd4 Kg6 45. Kf2 a5 46. Re2 Rb4 47. Rc2 a4 48. Ke3
Rb3+ 49. Kd2 a3 50. Be5 Kf5 51. Bd6 Kxe6 52. Rc7 Rf7 53. Rxc6 Bxd6 54. Rxd6+ Ke5
55. Rd8 Ra7 56. Ra2 Rb2+ 57. Rxb2 axb2 58. Kc2 Rc7 59. Kxb2 Rxc5 60. Rh8 h4 61.
Rf8 Rd5 62. Kc2 Rc5+ 63. Kd2 Rd5+ 64. Ke3 Ra5 65. Re8+ Kf5 66. Rf8+ Ke5 67. Kf2
Ra2+ 68. Kg1 Ra1+ 69. Kh2 Ra2 70. Rb8 Ra5 71. Rb4 Kf5 72. Rg4 Kf6 73. Kg1 Ra2
74. Kf1 Ra1+ 75. Ke2 Ra2+ 76. Ke3 Kf5 77. Kd4 Ra4+ 78. Ke3 Ra3+ 79. Kd2 Ra2+ 80.
Kc3 Ra3+ 81. Kb4 Ra1 82. Kc5 Rc1+ 83. Kd6 Kf6 84. Kd5 Kf5 85. Kd6 Kf6 86. Kd7
Re1 87. Ra4 Re2 88. Rg4 Re1 89. f4 Rd1+ 90. Kc6 Rc1+ 91. Kd5 Rd1+ 92. Kc6 Rc1+
93. Kd7 Rd1+ 94. Ke8 gxf4 95. Rxf4+ Kg5 96. Rg4+ Kh5 97. Kf7 Rd7+ 98. Ke6 Rd2
99. Rg8 Re2+ 100. Kf5 Rf2+ 101. Ke4 Re2+ 102. Kf3 Ra2 103. Re8 Kg5 104. Re5+ Kh6
105. Rf5 Ra4 106. Rf4 Ra3+ 107. Ke4 Kg5 108. Rf5+ Kg6 109. Rd5 Rg3 110. Rd8 Kf7
111. Rd7+ Ke6 112. Rd2 Kf6 113. Kf4 Ke6 114. Re2+ Kf6 115. Ra2 Ke6 116. Ra6+ Kf7
117. Rh6 Rxg2 118. Rxh4 Kf6 119. Rh8 Rg7 120. Ra8 Kg6 121. Kg4 Kh6+ 122. Kh4 Rg6
123. Rh8+ Kg7 124. Rc8 Kh6 125. Rc5 Kh7 126. Rf5 Rh6+ 127. Kg4 Rg6+ 128. Kf4 Rh6
129. Kg3 Rg6+ 130. Kh2 Kh6 131. h4 Kh7 132. Kh3 Kh6 133. Rb5 Rg7 134. Rc5 Rg6
135. h5 Rg5 136. Rc8 Rxh5+ 137. Kg4 Rg5+ 138. Kf4 Rg7 1/2-1/2

[Event "57th Biel Rapid Open"]
[Site "Biel SUI"]
[Date "2024.07.14"]
[Round "5.35"]
[White "Spagnoli, Benjamin"]
[Black "Edoecs, Joseph"]
[Result "0-1"]
[WhiteElo "1847"]
[BlackElo "2015"]
[WhiteFideId "20667116"]
[BlackFideId "1309404"]
[EventDate "2024.07.14"]
[EventType "swiss"]

1. d4 Nf6 2. Nc3 d5 3. Bf4 g6 4. Nf3 Bg7 5. Qd2 Ne4 6. Nxe4 dxe4 7. Ne5 O-O 8.
O-O-O Nd7 9. Bh6 Nxe5 10. Bxg7 e3 11. Qxe3 Ng4 12. Qf3 Kxg7 13. h3 Nf6 14. e4 c6
15. Bc4 b5 16. Bb3 a5 17. a3 a4 18. Ba2 b4 19. g4 bxa3 20. bxa3 Rb8 21. g5 Nh5
22. Qc3 Qb6 23. d5+ Kg8 24. dxc6 Nf4 25. Rd2 Be6 26. Qa1 Qxc6 27. Bxe6 Qxe6 28.
f3 Rfc8 29. Rhd1 Qc4 30. Qd4 Qxd4 31. Rxd4 Ne2+ 0-1

[Event "57th Biel Rapid Open"]
[Site "Biel SUI"]
[Date "2024.07.14"]
[Round "5.36"]
[White "Musaelyan, Arshavir"]
[Black "Schmied, Stefan"]
[Result "1/2-1/2"]
[WhiteElo "1981"]
[BlackElo "1794"]
[WhiteFideId "1332082"]
[BlackFideId "1335804"]
[EventDate "2024.07.14"]
[EventType "swiss"]

1. d4 d5 2. Nf3 Nf6 3. g3 e6 4. Bg2 Be7 5. O-O O-O 6. c4 dxc4 7. Qc2 b6 8. Bg5
Nd5 9. Bxe7 Qxe7 10. Rc1 Bb7 11. Na3 c3 12. e4 cxb2 13. Qxb2 Nf6 14. Ng5 h6 15.
e5 Nd5 16. Ne4 Rc8 17. Nb5 a6 18. Nbc3 Nd7 19. Nd1 Rab8 20. Qe2 f5 21. exf6
N7xf6 22. Nxf6+ Qxf6 1/2-1/2

[Event "57th Biel Rapid Open"]
[Site "Biel SUI"]
[Date "2024.07.14"]
[Round "5.37"]
[White "Doxarve, Nils"]
[Black "Roth, Martin"]
[Result "0-1"]
[WhiteElo "1999"]
[BlackElo "1973"]
[WhiteFideId "1340000"]
[BlackFideId "1303392"]
[EventDate "2024.07.14"]
[EventType "swiss"]

1. e4 c5 2. Nf3 a6 3. c4 Nc6 4. d4 cxd4 5. Nxd4 Nf6 6. Nc3 e5 7. Nf3 Bb4 8. Bd3
d6 9. Bd2 O-O 10. h3 h6 11. O-O Bc5 12. a3 Be6 13. b4 Ba7 14. Nd5 Bxd5 15. exd5
Nd4 16. Bc3 Nxf3+ 17. Qxf3 Rc8 18. Rac1 g6 19. Rfe1 Nd7 20. Bd2 Kg7 21. Qe2 f5
22. Bc3 Qh4 23. c5 Kh7 24. cxd6 e4 25. Bb1 Rce8 26. Rcd1 Qf4 27. Bd4 Bxd4 28.
Rxd4 Qxd6 29. Rc1 Rc8 30. Rdc4 Nb6 31. Rc5 Rcd8 32. Ba2 Rf7 33. Qd2 Nd7 34. Rc7
Ne5 35. Rxf7+ Nxf7 36. Qd4 Rd7 37. Rc8 Qe5 38. Qd1 Nd6 39. Rc1 f4 40. Qg4 Qf5
41. Qxf5 gxf5 42. Kf1 Kg6 43. Ke2 Kf6 44. Rc5 Ke5 45. a4 Rg7 46. Kf1 e3 47. fxe3
fxe3 48. Bb3 f4 49. b5 axb5 50. axb5 Ne4 51. Rc2 Nd2+ 52. Kg1 Nxb3 53. b6 Kd6
54. Rc3 Nc5 55. g4 Kxd5 0-1

[Event "57th Biel Rapid Open"]
[Site "Biel SUI"]
[Date "2024.07.14"]
[Round "5.38"]
[White "Chappaz, Max"]
[Black "Wilhelm, Serge"]
[Result "1-0"]
[WhiteElo "1854"]
[BlackElo "1916"]
[WhiteFideId "1351567"]
[BlackFideId "1305808"]
[EventDate "2024.07.14"]
[EventType "swiss"]

1. Nf3 Nf6 2. g3 d5 3. Bg2 e6 4. O-O b6 5. d3 Bb7 6. Nbd2 Be7 7. Re1 O-O 8. e4
c5 9. e5 Nfd7 10. Nf1 Nc6 11. Bf4 Rc8 12. h4 Qc7 13. N1h2 d4 14. h5 Rfd8 15. h6
g6 16. Ng4 Nb4 17. Qd2 Nd5 18. Bg5 Re8 19. Bxe7 Nxe7 20. Qg5 Nd5 21. Nd2 Qd8 22.
Ne4 Qxg5 23. Nxg5 Rb8 24. Ne4 Rf8 25. c4 dxc3 26. bxc3 Rfd8 27. a3 Ba6 28. c4
Ne7 29. f4 Nf5 30. Kf2 Bb7 31. Rad1 Kf8 32. Nef6 Nxf6 33. Nxf6 Nxh6 34. Bxb7
Rxb7 35. g4 Ng8 36. Nxh7+ Ke7 37. Ng5 Rbd7 38. Ke3 Ke8 39. Rh1 Re7 40. Ne4 Rc7
41. Rh8 Kd7 42. Rdh1 Kc8 1-0

[Event "57th Biel Rapid Open"]
[Site "Biel SUI"]
[Date "2024.07.14"]
[Round "5.39"]
[White "Rait, Albert"]
[Black "Villiger, Jan"]
[Result "1-0"]
[WhiteElo "1932"]
[BlackElo "1805"]
[WhiteFideId "16289161"]
[BlackFideId "1340891"]
[EventDate "2024.07.14"]
[EventType "swiss"]

1. d4 Nf6 2. c4 g6 3. Nc3 d5 4. Nf3 Bg7 5. e3 O-O 6. Bd3 c5 7. O-O cxd4 8. Nxd4
Nc6 9. Nxc6 bxc6 10. Kh1 Bb7 11. Na4 Nd7 12. Bd2 Rb8 13. Qc2 e5 14. f3 Re8 15.
Rae1 Nb6 16. Ba5 Bc8 17. c5 e4 18. fxe4 dxe4 19. Bc4 Be6 20. cxb6 axb6 21. Bxe6
Rxe6 22. Nxb6 Rxb6 23. Qc5 Rb5 24. Qxb5 1-0

[Event "57th Biel Rapid Open"]
[Site "Biel SUI"]
[Date "2024.07.14"]
[Round "5.41"]
[White "Bachmann, Daniel"]
[Black "Stebahne, Olaf"]
[Result "1-0"]
[WhiteElo "1713"]
[BlackElo "1897"]
[WhiteFideId "1357492"]
[BlackFideId "24600270"]
[EventDate "2024.07.14"]
[EventType "swiss"]

1. e4 c5 2. c3 Nc6 3. d4 cxd4 4. cxd4 d5 5. exd5 Qxd5 6. Nf3 Bg4 7. Nc3 Qd7 8.
d5 Bxf3 9. gxf3 O-O-O 10. dxc6 Qxc6 11. Qe2 Kb8 12. Be3 Nf6 13. Nb5 e5 14. a3 a6
15. Nc3 Qc7 16. Bg2 1-0

[Event "57th Biel Rapid Open"]
[Site "Biel SUI"]
[Date "2024.07.14"]
[Round "5.42"]
[White "Primbetova, Raikhan"]
[Black "Bonanomi, Silvan"]
[Result "1/2-1/2"]
[WhiteElo "1534"]
[BlackElo "1924"]
[WhiteFideId "13733494"]
[BlackFideId "1352644"]
[EventDate "2024.07.14"]
[EventType "swiss"]

1. c4 e5 2. Nc3 Bb4 3. Nd5 Ba5 4. b4 c6 5. bxa5 cxd5 6. cxd5 Nf6 7. Qb3 Qxa5 8.
Bb2 d6 9. Ba3 Qxd5 10. Qxd5 Nxd5 11. Bxd6 Nc6 12. Rc1 Be6 13. e3 Kd7 14. Ba3
Ndb4 15. Bxb4 Nxb4 16. Bb5+ Nc6 17. a3 Bd5 18. Nf3 f6 19. O-O a6 20. Bc4 Bxf3
21. gxf3 Rac8 22. Bd5 Kd6 23. Bxc6 Rxc6 24. Rb1 b5 25. Rfd1 Rhc8 26. d4 exd4 27.
Rxd4+ Ke6 28. a4 Rc1+ 29. Rxc1 Rxc1+ 30. Kg2 Ra1 31. axb5 axb5 32. Rb4 Ra5 33.
e4 Kd6 34. f4 Kc5 35. Rb1 b4 36. e5 f5 37. Kf3 Ra3+ 38. Ke2 Ra2+ 39. Ke3 Ra3+
40. Ke2 Rh3 41. Rc1+ Kb5 42. Rc8 Rh6 43. Rb8+ Kc5 44. Kf3 Re6 45. Ke3 Re7 46.
Kd3 h6 47. h4 Re6 48. Rc8+ Kb5 49. Rb8+ Kc5 50. Rc8+ 1/2-1/2

[Event "57th Biel Rapid Open"]
[Site "Biel SUI"]
[Date "2024.07.14"]
[Round "5.43"]
[White "Tellarini, Lorenzo"]
[Black "Coletta, Julien"]
[Result "1-0"]
[WhiteElo "2002"]
[BlackElo "1778"]
[WhiteFideId "28548655"]
[BlackFideId "1342223"]
[EventDate "2024.07.14"]
[EventType "swiss"]

1. e4 e5 2. Nc3 Nf6 3. f4 d5 4. fxe5 Nxe4 5. Qf3 Nxc3 6. bxc3 c5 7. d4 cxd4 8.
cxd4 Qh4+ 9. g3 Qxd4 10. Bb5+ Nc6 11. c3 Qxe5+ 12. Ne2 Qe4 13. O-O Qxf3 14. Rxf3
Bc5+ 15. Nd4 O-O 16. Be3 Nxd4 17. cxd4 Bd6 18. Bd3 Re8 19. Bd2 Be6 20. Rb1 Re7
21. Rb5 a6 22. Rb6 Rd7 23. Rf1 Rc8 24. Rfb1 Rcc7 25. Ba5 Be7 26. Bxa6 g6 27.
Bxb7 Rc2 28. a4 Bh3 29. R6b5 Bg5 30. Re1 Rd6 31. Rxd5 Rxd5 32. Bxd5 Bf6 33. Bb6
Rd2 34. Re4 Rg2+ 35. Kh1 Rb2 36. Re8+ Kg7 37. Ba5 Bxd4 38. Re7 Rf2 39. Re1 h5
40. Bb4 Rb2 41. Ba3 Rd2 42. Bc6 h4 43. a5 hxg3 44. hxg3 Bf2 45. Rc1 Bxg3 46. a6
Bf2 47. Rc3 Bd4 48. Rxh3 Ra2 49. Bd5 f5 50. Bxa2 1-0

[Event "57th Biel Rapid Open"]
[Site "Biel SUI"]
[Date "2024.07.14"]
[Round "5.44"]
[White "Tkhoruk, Roman"]
[Black "Schaer, Bryan"]
[Result "1-0"]
[WhiteElo "1965"]
[BlackElo "1803"]
[WhiteFideId "34161589"]
[BlackFideId "1356127"]
[EventDate "2024.07.14"]
[EventType "swiss"]

1. e4 e6 2. d4 d5 3. exd5 exd5 4. Bd3 c5 5. Be3 cxd4 6. Bxd4 Nc6 7. Bb5 Qa5+ 8.
Nc3 a6 9. Bxc6+ bxc6 10. Qe2+ Be6 11. Nf3 c5 12. O-O-O cxd4 13. Nxd4 Be7 14.
Nxe6 fxe6 15. Qxe6 Nf6 16. Rhe1 Qc7 17. Nxd5 Nxd5 18. Rxd5 Rc8 19. Rd2 Rf8 20.
Rde2 Rf7 21. Qe4 g6 22. Qd4 h5 23. Qh8+ Kd7 24. Rd1+ Kc6 25. Qc3+ Kb7 26. Qb3+
Ka7 27. Kb1 Bf8 28. f3 Rb8 29. Qd3 Rxb2+ 30. Kxb2 Qb6+ 31. Ka1 Bg7+ 32. c3 Rc7
33. Rc2 Qc5 34. Rdc1 Qa5 35. Qe3+ Rc5 36. h3 1-0

[Event "57th Biel Rapid Open"]
[Site "Biel SUI"]
[Date "2024.07.14"]
[Round "5.45"]
[White "Materia, Mario"]
[Black "Coletta, Stephane"]
[Result "1/2-1/2"]
[WhiteElo "1590"]
[BlackElo "1918"]
[WhiteFideId "651082241"]
[BlackFideId "1309056"]
[EventDate "2024.07.14"]
[EventType "swiss"]

1. d4 d5 2. c4 e6 3. Nc3 Nf6 4. Bg5 Be7 5. e3 Nbd7 6. Nf3 h6 7. Bf4 O-O 8. Bd3
dxc4 9. Bxc4 a6 10. Bd3 b5 11. O-O c5 12. Ne5 Bb7 13. Rc1 cxd4 14. exd4 Qb6 15.
Be3 Qd6 16. Nf3 Nb6 17. b3 Nbd5 18. Qe2 Nf4 19. Bxf4 Qxf4 20. Qe3 Qd6 21. Ne4
Nxe4 22. Bxe4 Bxe4 23. Qxe4 Rac8 24. Rfd1 Rfd8 25. Kf1 Bf6 26. Rxc8 Rxc8 27. Rd2
Rd8 28. Ke2 Qd5 29. Ke3 Kf8 30. Qxd5 Rxd5 31. Rc2 Ke7 32. Rc7+ Rd7 33. Rc6 Rd6
34. Rc7+ Rd7 35. Rc6 Rd6 1/2-1/2

[Event "57th Biel Rapid Open"]
[Site "Biel SUI"]
[Date "2024.07.14"]
[Round "5.48"]
[White "Szakolczai, Peter"]
[Black "Rahimi, Hamid"]
[Result "1-0"]
[WhiteTitle "FM"]
[WhiteElo "2188"]
[BlackElo "1740"]
[WhiteFideId "705624"]
[BlackFideId "1344838"]
[EventDate "2024.07.14"]
[EventType "swiss"]

1. e4 c6 2. Nf3 d5 3. exd5 cxd5 4. Ne5 Nf6 5. d4 Nc6 6. Bb5 Bd7 7. Nxd7 Nxd7 8.
c3 e6 9. Bf4 Qb6 10. Qe2 Be7 11. O-O O-O 12. a4 Rac8 13. a5 Qd8 14. a6 b6 15.
Nd2 Bg5 16. Bg3 Bh4 17. Bd6 Be7 18. Bg3 Bh4 19. Bd3 Bxg3 20. hxg3 e5 21. dxe5
Ndxe5 22. Bf5 Rc7 23. Ra4 g6 24. Bb1 Re8 25. Qd1 Na5 26. Re1 Nec4 27. Rb4 Rxe1+
28. Qxe1 Re7 29. Qd1 Qe8 30. Nf1 Re1 31. Qd3 Qe2 32. Qxe2 Rxe2 33. b3 Na3 34.
Bd3 Re1 35. f4 Nb1 36. Kf2 Rc1 37. Bxb1 Rxb1 38. Nd2 Rb2 39. Ke3 Kf8 40. Rxb6
axb6 41. a7 Nc4+ 42. Nxc4 Ra2 43. Nxb6 Rxa7 44. Nxd5 f5 45. b4 Kf7 46. c4 Ke6
47. b5 h5 48. b6 Rb7 49. Kd4 Kd6 50. c5+ Kc6 51. Kc4 Rf7 52. Nb4+ Kb7 53. Kb5
Rh7 54. c6+ Ka8 55. Nd5 h4 56. gxh4 Rxh4 57. Nc7+ Kb8 58. Na6+ Ka8 59. b7+ Ka7
60. b8=Q# 1-0

[Event "57th Biel Rapid Open"]
[Site "Biel SUI"]
[Date "2024.07.14"]
[Round "5.49"]
[White "Farhat Willemstein, Stela Souza"]
[Black "Gillieron, Kevin (13882)"]
[Result "1/2-1/2"]
[WhiteTitle "WFM"]
[WhiteElo "1863"]
[BlackElo "1759"]
[WhiteFideId "2109808"]
[BlackFideId "1357778"]
[EventDate "2024.07.14"]
[EventType "swiss"]

1. e4 c6 2. d4 d5 3. e5 c5 4. c3 Nc6 5. Nf3 cxd4 6. cxd4 Bg4 7. Bb5 e6 8. Bxc6+
bxc6 9. O-O Ne7 10. Bg5 Qb6 11. Bxe7 Bxe7 12. b3 Bxf3 13. gxf3 O-O 14. Nc3 c5
15. Na4 Qb4 16. dxc5 Bxc5 17. Nxc5 Qxc5 18. Rc1 Qb6 19. Qd2 Rac8 20. Rxc8 Rxc8
21. Rc1 Rxc1+ 22. Qxc1 g6 23. Qc2 Qd4 24. Qc8+ Kg7 25. Qb8 Qa1+ 26. Kg2 Qxa2 27.
b4 d4 28. Qd8 Qc4 29. Qf6+ Kh6 30. Qh4+ Kg7 31. Qf6+ 1/2-1/2

[Event "57th Biel Rapid Open"]
[Site "Biel SUI"]
[Date "2024.07.14"]
[Round "5.52"]
[White "Rajendiram, Rajithan"]
[Black "Birchmeier, Martin"]
[Result "1/2-1/2"]
[WhiteElo "1560"]
[BlackElo "1860"]
[WhiteFideId "1341987"]
[BlackFideId "1318268"]
[EventDate "2024.07.14"]
[EventType "swiss"]

1. e4 e5 2. f4 Bc5 3. Nf3 d6 4. d4 exd4 5. Bd3 Bg4 6. O-O Nd7 7. Kh1 Ngf6 8. c3
c6 9. Qe1 dxc3 10. Nxc3 O-O 11. f5 Qc7 12. Bf4 Ne5 13. Nxe5 dxe5 14. Bg5 Be7 15.
Qh4 Rad8 16. Bc2 Rd2 17. Rac1 Be2 18. Qf2 Bxf1 19. Qxd2 Rd8 20. Qf2 Bd3 21. Bxf6
Bxf6 22. Bb3 Rd4 23. Nd5 Qd8 24. Nxf6+ Qxf6 25. Bc2 Bxc2 26. Qxc2 Qd8 27. h3 Kf8
28. Qc5+ 1/2-1/2

[Event "57th Biel Rapid Open"]
[Site "Biel SUI"]
[Date "2024.07.14"]
[Round "5.54"]
[White "Hauser, Armando"]
[Black "Boyer, Jean-Francois"]
[Result "1-0"]
[WhiteElo "1840"]
[BlackElo "1742"]
[WhiteFideId "1340514"]
[BlackFideId "650226"]
[EventDate "2024.07.14"]
[EventType "swiss"]

1. e4 e5 2. Nf3 Nc6 3. Bc4 Nf6 4. Ng5 d5 5. exd5 Na5 6. Bb5+ c6 7. dxc6 bxc6 8.
Be2 h6 9. Nf3 e4 10. Ne5 Bd6 11. d4 exd3 12. Nxd3 O-O 13. O-O Qc7 14. h3 Rb8 15.
Nc3 Nc4 16. a4 Rd8 17. b3 Ne5 18. Qe1 Nxd3 19. Bxd3 Bb4 20. Bd2 Re8 21. Ne2 Bd6
22. Ba5 Bh2+ 23. Kh1 Qd6 24. Qd2 Ne4 25. Bxe4 Rxe4 26. Qxd6 Bxd6 27. Rfe1 Ba6
28. Nc3 Rxe1+ 29. Rxe1 Bb4 30. Bxb4 Rxb4 31. Re8+ Kh7 32. Re7 Rb7 33. Rxb7 Bxb7
34. Ne4 Kg8 35. Kg1 Kf8 36. f4 Ke7 37. Nc5 Bc8 38. Kf2 Bf5 39. c3 Bc2 40. Ke3 a5
41. Kd4 g5 42. fxg5 hxg5 43. b4 axb4 44. cxb4 f5 45. a5 Kd8 46. a6 Kc7 47. a7 1-0

[Event "57th Biel Rapid Open"]
[Site "Biel SUI"]
[Date "2024.07.14"]
[Round "5.55"]
[White "Mutter, Kevin"]
[Black "Caduff, Simon"]
[Result "0-1"]
[WhiteElo "1856"]
[BlackElo "1694"]
[WhiteFideId "1327240"]
[BlackFideId "1351311"]
[EventDate "2024.07.14"]
[EventType "swiss"]

1. c4 e6 2. g3 Nf6 3. Bg2 Nc6 4. Nf3 d5 5. b3 dxc4 6. bxc4 Bc5 7. e3 Qd3 8. Bf1
Qf5 9. Nc3 Nb4 10. Nh4 Nc2+ 11. Ke2 Qh5+ 12. f3 Nxa1 13. Bb2 O-O 14. Qxa1 a6 15.
Na4 Be7 16. Ng2 Bd7 17. Nc3 e5 18. g4 Bxg4 19. fxg4 Nxg4 20. Ke1 Bh4+ 21. Nxh4
Qxh4+ 22. Ke2 Qf2+ 23. Kd3 Rad8+ 24. Kc2 Qxd2+ 25. Kb3 Qxe3 26. h4 Qb6+ 27. Ka3
Ne3 28. Qc1 Qc5+ 29. Kb3 b5 30. cxb5 axb5 31. Rh3 Nxf1 32. Qxf1 Rd4 33. a3 b4
34. axb4 Rxb4+ 35. Kc2 Rfb8 36. Ba3 Qc4 37. Qxc4 Rxc4 38. Rd3 h6 39. Rd7 Rxh4
40. Nd5 Rh2+ 41. Kd3 f6 42. Ne7+ Kh7 43. Nf5 Rg2 44. Ke4 Rb3 45. Bf8 Rg4+ 46.
Kd5 Rd3+ 47. Ke6 Rxd7 48. Kxd7 h5 49. Kxc7 h4 50. Kd7 h3 51. Ne3 Rd4+ 52. Ke6 h2 0-1

[Event "57th Biel Rapid Open"]
[Site "Biel SUI"]
[Date "2024.07.14"]
[Round "6.1"]
[White "Jumabayev, Rinat"]
[Black "Madaminov, Mukhiddin"]
[Result "0-1"]
[WhiteTitle "GM"]
[BlackTitle "IM"]
[WhiteElo "2565"]
[BlackElo "2512"]
[WhiteFideId "13702661"]
[BlackFideId "14210703"]
[EventDate "2024.07.14"]
[EventType "swiss"]

1. e4 e5 2. Nf3 Nf6 3. Nxe5 d6 4. Nf3 Nxe4 5. Qe2 Qe7 6. d3 Nf6 7. Nc3 Bg4 8.
Be3 Nc6 9. h3 Be6 10. O-O-O O-O-O 11. a3 a6 12. d4 Nd5 13. Nxd5 Bxd5 14. c4 Be4
15. d5 Bxf3 16. Qxf3 Ne5 17. Qe4 Nd7 18. Qd4 Nc5 19. Kb1 Re8 20. Be2 Qe4+ 21.
Qxe4 Nxe4 22. Rhe1 Be7 23. Bg4+ Kd8 24. Bf5 Bf6 25. Kc2 h5 26. Ba7 Nc5 27. b4
Rxe1 28. Rxe1 g6 29. bxc5 gxf5 30. cxd6 cxd6 31. Kd3 Rg8 32. Rg1 Be5 33. Bb6+
Kd7 34. g3 Bb2 35. a4 Be5 36. a5 Rg6 37. Rb1 Rg8 38. Be3 Kc7 39. c5 dxc5 40.
Bxc5 f4 41. Ke4 Re8 42. Bb6+ Kd6 43. gxf4 Bh8+ 44. Kf5 Kxd5 45. Rd1+ Kc6 46.
Rc1+ Kd6 47. Rc7 Re7 48. Rc8 Bb2 49. Rc2 Ba3 50. Rc3 Bb4 51. Rc4 Ba3 52. Rc2 Kd5
53. Kf6 Bd6 54. Rd2+ Kc6 55. Rc2+ Kd5 56. Rd2+ Kc6 57. f5 Rd7 58. Rc2+ Kb5 59.
Kg5 Bb4 60. Rb2 Rd5 61. f4 Kc4 62. Re2 Bxa5 63. Bf2 b5 64. Kxh5 b4 65. Re4+ Kd3
66. Re7 b3 67. Rxf7 b2 68. Rb7 Rxf5+ 69. Kg4 Rb5 0-1

[Event "57th Biel Rapid Open"]
[Site "Biel SUI"]
[Date "2024.07.14"]
[Round "6.2"]
[White "Materia, Marco"]
[Black "Ganguly, Surya Shekhar"]
[Result "1-0"]
[WhiteTitle "IM"]
[BlackTitle "GM"]
[WhiteElo "2453"]
[BlackElo "2592"]
[WhiteFideId "45150451"]
[BlackFideId "5002150"]
[EventDate "2024.07.14"]
[EventType "swiss"]

1. d4 Nf6 2. c4 e6 3. Nf3 d5 4. Nc3 Nbd7 5. Bf4 dxc4 6. e3 b5 7. Nxb5 Bb4+ 8.
Nd2 Ne4 9. Nc3 Nxc3 10. bxc3 Bxc3 11. Rc1 Bb4 12. Rxc4 c5 13. dxc5 Qa5 14. Bd6
Bb7 15. Qc2 Bd5 16. Rg4 Rc8 17. Bc4 Nxc5 18. Bxd5 exd5 19. O-O Bxd2 20. Rxg7 Bc3
21. Qf5 Rc7 22. Qg5 Ne6 23. Rg8+ Kd7 24. Bxc7 Qc5 25. Qf5 Qxc7 26. Qxf7+ Kd6 27.
Qxc7+ Nxc7 28. Rxh8 Bxh8 29. Rb1 a5 30. Rb6+ Kc5 31. Rh6 Bb2 32. Rxh7 Nb5 33.
Rb7 a4 34. Kf1 a3 35. Ke2 Nc3+ 36. Kd3 Nxa2 37. Kc2 Nb4+ 38. Kb3 Nd3 39. f4 Nc1+
40. Kc2 Na2 41. Ra7 Nb4+ 42. Kb3 Nc6 43. Ra8 Bc1 44. f5 Bxe3 45. f6 Ne5 46. Re8
Kd6 47. f7 Nxf7 48. Rxe3 d4 49. Re1 Kd5 50. Kxa3 d3 51. Kb3 Kd4 52. Re7 Ng5 53.
Rd7+ Ke3 54. h4 Ne4 55. Rd8 Nc5+ 56. Kc4 1-0